000 00706nam a22001937a 4500
999 _c189727
_d189727
005 20220711171002.0
010 _aUR-11644
020 _a9789393785695
_c400.00
035 _aU-10199
037 _bDBAD/PUB
_a-
082 _a841.08
100 _aاصغر راز فاطمی
245 _aغیاث احمد گری :
_bتخلیقی سیاق و سباق /
_cاصغر راز فاطمی
_hا ر د و
246 _aGhayas Ahmad Gaddi: Takhleeqi Siyaq wa sabaq /
_bby Asghar Raaz Fatmi
260 _aNew Delhi
_bEducational Publishing House
_c2022 ء
270 _aH.o. D1/16, Ansari Road, Daryaganj
_bNew Delhi
_e110002
300 _a311 ص
_c22cm(Hb)
942 _2ddc
_cUR
_h841.08
_mا ص غ